000 00699nam a2200241Ia 4500
003 OSt
005 20220926002647.0
006 a|||||r|||| 00| 0
007 ta
008 220923b |||||||| |||| 00| 0 eng d
037 _cGeneral Book
040 _aRTL
_cRTL
_beng
041 _2eng
_aeng
082 _aX.2.N6, K8
100 _aDatt Ruddar
_9263531
245 0 _aBhartiya arthavyvastha.(Indian economy)
260 _a New Delhi
_bNeeraj Prakashan
_c1960
300 _axiii, 754p
_ccm.
650 _aIndia Economic Conditions
_940151
700 _a Sundharam K P M
_9151703
942 _hX.2.N6, K8
_cGB
_2CC
999 _c605766
_d605766